[Event "41st Olympiad Women 2014"]
[Site "Tromso NOR"]
[Date "2014.08.10"]
[Round "8.21"]
[Board "1"]
[White "Klinova, Masha"]
[Black "Narva, Mai"]
[Result "0-1"]
[WhiteTitle "IM"]
[BlackTitle "WCM"]
[WhiteElo "2312"]
[BlackElo "2205"]
[WhiteTeam "Israel"]
[BlackTeam "Estonia"]
[WhiteFideId "2802015"]
[BlackFideId "4500512"]
[EventDate "2014.08.02"]

1. e4 c5 2. Nf3 Nc6 3. Bb5 g6 4. O-O Bg7 5. Re1 Nh6 6. c3 O-O 7. h3 d5 8. d3
dxe4 9. dxe4 Qb6 10. Na3 Rd8 11. Qc2 a6 12. Bf1 Qc7 13. Be3 f5 14. Bxc5 fxe4 15.
Qxe4 e5 16. Ng5 b6 17. Be3 b5 18. Rad1 Bf5 19. Qh4 Rxd1 20. Rxd1 Rd8 21. Re1 Ne7
22. Qb4 Nd5 23. Qb3 Nf7 24. Nxf7 Qxf7 25. Bc5 Be6 26. c4 Nf4 27. Qc2 Bf5 28. Qc1
Bd3 29. Qe3 Bxf1 30. Rxf1 b4 31. Nc2 Qxc4 32. Qb3 Qxb3 33. axb3 Rc8 34. Bxb4
Rxc2 35. Ba3 Nd3 36. Rd1 Rc1 37. Rxc1 Nxc1 38. b4 Bf8 39. f3 Nd3 40. Kf1 Bxb4 0-1

[Event "41st Olympiad Women 2014"]
[Site "Tromso NOR"]
[Date "2014.08.10"]
[Round "8.21"]
[Board "2"]
[White "Tsiganova, Monika"]
[Black "Shvayger, Yuliya"]
[Result "1/2-1/2"]
[WhiteTitle "WIM"]
[BlackTitle "WIM"]
[WhiteElo "2094"]
[BlackElo "2275"]
[WhiteTeam "Estonia"]
[BlackTeam "Israel"]
[WhiteFideId "4500199"]
[BlackFideId "14100126"]
[EventDate "2014.08.02"]

1. d4 Nf6 2. c4 g6 3. Nc3 d5 4. Nf3 Bg7 5. Bg5 Ne4 6. cxd5 Nxg5 7. Nxg5 e6 8.
Nf3 exd5 9. e3 O-O 10. b4 Qd6 11. Qb3 Be6 12. Be2 Nd7 13. O-O c6 14. b5 c5 15.
Rac1 c4 16. Qb2 a6 17. a4 axb5 18. Qxb5 Ra6 19. Rb1 Rb6 20. Qa5 Rxb1 21. Rxb1 b6
22. Qb4 Qc6 23. Qb5 Qd6 24. Nd2 Ra8 25. Bf3 Ra5 26. Qb2 f5 27. g3 Bf8 28. Nb5
Qc6 29. Nc3 Qd6 30. Nb5 Qc6 31. Nc3 Qd6 32. Nb5 1/2-1/2

[Event "41st Olympiad Women 2014"]
[Site "Tromso NOR"]
[Date "2014.08.10"]
[Round "8.21"]
[Board "3"]
[White "Vasiliev, Olga"]
[Black "Narva, Triin"]
[Result "1-0"]
[WhiteTitle "WIM"]
[BlackTitle "WCM"]
[WhiteElo "2276"]
[BlackElo "2068"]
[WhiteTeam "Israel"]
[BlackTeam "Estonia"]
[WhiteFideId "2807602"]
[BlackFideId "4502680"]
[EventDate "2014.08.02"]

1. e4 d6 2. d4 Nf6 3. Nc3 e5 4. Nf3 Nbd7 5. g4 Nxg4 6. Rg1 Ngf6 7. Be3 c6 8. Qd2
b5 9. O-O-O Bb7 10. dxe5 b4 11. exf6 Qxf6 12. Ne2 Qxf3 13. Qxb4 Bc8 14. Nd4 c5
15. Nxf3 cxb4 16. Bf4 Bb7 17. Bh3 Nc5 18. Rge1 Rd8 19. Nd4 Nd7 20. Nb5 Ne5 21.
Bxe5 dxe5 22. Rxd8+ Kxd8 23. Rd1+ Ke8 24. Rd7 Bc5 25. Nc7+ Kf8 26. Rd8+ 1-0

[Event "41st Olympiad Women 2014"]
[Site "Tromso NOR"]
[Date "2014.08.10"]
[Round "8.21"]
[Board "4"]
[White "Narva, Regina"]
[Black "David Glaz, Ilana"]
[Result "1-0"]
[WhiteTitle "WFM"]
[BlackTitle "WIM"]
[WhiteElo "1999"]
[BlackElo "2200"]
[WhiteTeam "Estonia"]
[BlackTeam "Israel"]
[WhiteFideId "4500237"]
[BlackFideId "2801370"]
[EventDate "2014.08.02"]

1. e4 c6 2. Nc3 d5 3. Nf3 dxe4 4. Nxe4 Nf6 5. Qe2 Bg4 6. Nxf6+ gxf6 7. h3 Bh5 8.
d3 Qb6 9. Qe3 Qxe3+ 10. fxe3 Bxf3 11. gxf3 e5 12. Rg1 Na6 13. a3 Bh6 14. Bd2 Nc7
15. Kf2 Ne6 16. h4 Rd8 17. Bh3 Nc7 18. Rg4 b6 19. Rag1 Ke7 20. Rc4 Kd6 21. Bf5
Nd5 22. Ra4 Ra8 23. Be4 Ne7 24. Bb4+ c5 25. Bxa8 cxb4 26. Rxa7 Nf5 27. Re1 Rc8
28. Re2 bxa3 29. bxa3 Nxh4 30. Rxf7 Bg5 31. Bb7 Rc3 32. f4 1-0

[Event "41st Olympiad Women 2014"]
[Site "Tromso NOR"]
[Date "2014.08.10"]
[Round "8.22"]
[Board "1"]
[White "Havlikova, Kristyna"]
[Black "Ptacnikova, Lenka"]
[Result "1-0"]
[WhiteTitle "WIM"]
[BlackTitle "WGM"]
[WhiteElo "2215"]
[BlackElo "2273"]
[WhiteTeam "Czech Republic"]
[BlackTeam "Iceland"]
[WhiteFideId "309672"]
[BlackFideId "305650"]
[EventDate "2014.08.02"]

1. e4 d6 2. d4 Nf6 3. Nc3 Nbd7 4. f4 e5 5. Nf3 exd4 6. Qxd4 c6 7. h3 d5 8. e5
Bc5 9. Qd3 Nh5 10. g4 Ng3 11. Rh2 Bb4 12. Ng5 Nxf1 13. Kxf1 h6 14. Nf3 a5 15. a3
b6 16. axb4 Ba6 17. b5 Nc5 18. Qd1 cxb5 19. Kg1 b4 20. Ne2 d4 21. Nexd4 Qd5 22.
Qe1 Bb7 23. Be3 Rd8 24. Rd1 Ne4 25. Bf2 O-O 26. Qe3 Rfe8 27. Re1 Nxf2 28. Qxf2
a4 29. f5 a3 30. bxa3 bxa3 31. c3 Rc8 32. Rc1 b5 33. Qd2 Rc5 34. f6 gxf6 35.
Qxh6 Rxe5 36. Nxe5 Rxc3 37. Rxc3 Qxd4+ 38. Qe3 Qd1+ 39. Kf2 a2 40. Rc1 a1=Q 41.
Rxa1 Qxa1 42. Nd3 b4 43. Kg3 Qc3 44. Qd2 Qc7+ 45. Nf4 b3 46. Qd4 Qc1 47. Qd8+
Kh7 48. Qd3+ Kg8 49. Qxb3 Qg1+ 50. Ng2 Be4 51. Qe3 Qb1 52. Nf4 f5 53. Rd2 fxg4
54. hxg4 1-0

[Event "41st Olympiad Women 2014"]
[Site "Tromso NOR"]
[Date "2014.08.10"]
[Round "8.22"]
[Board "2"]
[White "Thorsteinsdottir, Hallgerdur"]
[Black "Olsarova, Karolina"]
[Result "1/2-1/2"]
[BlackTitle "WIM"]
[WhiteElo "1982"]
[BlackElo "2237"]
[WhiteTeam "Iceland"]
[BlackTeam "Czech Republic"]
[WhiteFideId "2302454"]
[BlackFideId "320242"]
[EventDate "2014.08.02"]

1. e4 e5 2. Nf3 Nc6 3. Bc4 Nf6 4. d3 Bc5 5. c3 O-O 6. Bb3 d5 7. Nbd2 Bg4 8. O-O
Re8 9. Re1 h6 10. Nf1 Bf8 11. Ng3 Qd7 12. h3 Be6 13. Be3 a6 14. Qe2 Rad8 15.
Rad1 g6 16. Bc1 Bg7 17. Nh2 Kh7 18. Qf1 Qc8 19. f4 exf4 20. Qxf4 dxe4 21. Nxe4
Nxe4 22. Rxe4 Bxb3 23. axb3 Rxe4 24. Qxe4 Qd7 25. Nf3 Re8 26. Qf4 Ne5 27. Nxe5
Rxe5 28. Rf1 Kg8 29. d4 Re8 30. b4 c6 31. Qh4 h5 32. Re1 Re6 33. Rxe6 Qxe6 34.
Qf2 Qc4 35. Qe3 Bf6 36. Qf4 Kg7 37. Qh6+ Kg8 38. Qf4 Qe6 39. Qe3 Qxe3+ 40. Bxe3
Be7 41. Kf2 f5 42. Kf3 Kf7 43. Bd2 Bf6 44. Be3 Ke6 45. c4 g5 46. g4 fxg4+ 47.
hxg4 h4 48. Ke4 Be7 49. Bd2 Kf6 50. Bc3 Kg6 51. Bd2 Bd6 52. Be1 Bh2 53. b3 Bd6
54. Bd2 Bg3 55. Bc3 Bf2 56. Kf3 Bg1 57. Ke4 Kf7 58. Kf3 Bh2 59. Bd2 Kf6 60. Ke4
Bb8 61. Kf3 Ba7 62. Bc3 Bb8 63. Bd2 Bc7 64. Ke4 b6 65. Kf3 Bd8 66. Ke4 Kf7 67.
Kf3 Be7 68. Ke4 Kg6 69. Kf3 Bf6 70. Be3 Bd8 71. Bd2 Be7 72. Ke4 Bd6 73. Kf3 h3
74. Kf2 Kf6 75. Kf3 Bc7 1/2-1/2

[Event "41st Olympiad Women 2014"]
[Site "Tromso NOR"]
[Date "2014.08.10"]
[Round "8.22"]
[Board "3"]
[White "Sikorova, Olga"]
[Black "Finnbogadottir, Tinna Kristin"]
[Result "1-0"]
[WhiteTitle "WGM"]
[WhiteElo "2289"]
[BlackElo "1915"]
[WhiteTeam "Czech Republic"]
[BlackTeam "Iceland"]
[WhiteFideId "307033"]
[BlackFideId "2300214"]
[EventDate "2014.08.02"]

1. c4 Nf6 2. Nc3 c5 3. g3 g6 4. Bg2 Bg7 5. a3 Nc6 6. Rb1 a5 7. d3 d6 8. Nf3 O-O
9. O-O Be6 10. e4 h6 11. Bd2 Rb8 12. h3 Nd7 13. Kh2 f5 14. Nh4 Kh7 15. exf5 Bxf5
16. Nxf5 gxf5 17. Nd5 Nd4 18. b4 e6 19. Nf4 axb4 20. axb4 b5 21. cxb5 Rxb5 22.
Be3 Qe7 23. Qh5 Ne5 24. bxc5 Rxb1 25. Rxb1 dxc5 26. Bxd4 cxd4 27. Rb6 Rf6 28.
Qe2 Qc7 29. Rb7 Qc5 30. Qa2 Rf7 31. Rxf7 Nxf7 32. Qxe6 Ne5 33. Qxf5+ Kg8 34.
Bd5+ Kh8 35. Kg2 Qd6 36. Qc8+ Bf8 37. Be4 Nd7 38. Ng6+ Kg8 39. Nxf8 Nxf8 40. Qf5
Kg7 41. h4 Qe7 42. Qg4+ Kh8 43. Bd5 1-0

[Event "41st Olympiad Women 2014"]
[Site "Tromso NOR"]
[Date "2014.08.10"]
[Round "8.22"]
[Board "4"]
[White "Kristinardottir, Elsa Maria"]
[Black "Olsarova, Tereza"]
[Result "0-1"]
[BlackTitle "WIM"]
[WhiteElo "1839"]
[BlackElo "2271"]
[WhiteTeam "Iceland"]
[BlackTeam "Czech Republic"]
[WhiteFideId "2300370"]
[BlackFideId "325449"]
[EventDate "2014.08.02"]

1. e4 e5 2. Nf3 Nc6 3. Bc4 Nf6 4. d3 Bc5 5. c3 O-O 6. Bg5 h6 7. Bh4 Re8 8. O-O
d6 9. Bb3 g5 10. Nxg5 hxg5 11. Bxg5 Kg7 12. Qf3 Rh8 13. h4 Be6 14. Bd1 d5 15. h5
Be7 16. h6+ Kf8 17. Qg3 dxe4 18. dxe4 Rh7 19. Ba4 Nxe4 20. Bxe7+ Qxe7 21. Qe3
Qh4 0-1

[Event "41st Olympiad Women 2014"]
[Site "Tromso NOR"]
[Date "2014.08.10"]
[Round "8.24"]
[Board "1"]
[White "Seps, Monika"]
[Black "Colombo, Camila"]
[Result "1-0"]
[WhiteTitle "WIM"]
[BlackTitle "WIM"]
[WhiteElo "2236"]
[BlackElo "2107"]
[WhiteTeam "Switzerland"]
[BlackTeam "Uruguay"]
[WhiteFideId "1308521"]
[BlackFideId "3001822"]
[EventDate "2014.08.02"]

1. e4 e6 2. d4 d5 3. Nd2 Nf6 4. e5 Nfd7 5. Bd3 c5 6. c3 Nc6 7. Ne2 cxd4 8. cxd4
f6 9. exf6 Qxf6 10. Nf3 Bd6 11. Bg5 Qf7 12. O-O Nb4 13. Bb1 h6 14. Bh4 O-O 15.
Bg3 Bxg3 16. hxg3 g5 17. Bd3 a6 18. Nc3 Nc6 19. Rc1 Qh5 20. Be2 Qe8 21. Qd2 Nf6
22. Ne5 Nh5 23. Bxh5 Qxh5 24. Nxc6 bxc6 25. Na4 Rb8 26. b3 Qe8 27. Qc3 Rf6 28.
Nc5 Qf8 29. Qe3 a5 30. Qe5 Ra8 31. Qc7 Qe8 32. Rfe1 Rf7 33. Qe5 Raa7 34. Rc2
Rae7 35. Qe3 Rf5 36. Nd3 Ba6 37. Ne5 Bb7 38. Rc5 Qa8 39. a4 Kg7 40. Qc3 Qf8 41.
Qd2 Rc7 42. Qxa5 Rc8 43. Re2 Kg8 44. Qb6 Qg7 45. Ra5 g4 46. Ra7 Qg5 47. f4 gxf3
48. Nxf3 Rxf3 49. gxf3 Kh8 50. Kf2 Qh5 51. Qxb7 Qh2+ 52. Ke3 Qg1+ 53. Kd2 Qxd4+
54. Kc2 Qc5+ 55. Kb2 Qd4+ 56. Ka2 1-0

[Event "41st Olympiad Women 2014"]
[Site "Tromso NOR"]
[Date "2014.08.10"]
[Round "8.24"]
[Board "2"]
[White "de Leon, Patricia"]
[Black "Hund, Barbara"]
[Result "0-1"]
[WhiteTitle "WFM"]
[BlackTitle "WGM"]
[WhiteElo "1921"]
[BlackElo "2153"]
[WhiteTeam "Uruguay"]
[BlackTeam "Switzerland"]
[WhiteFideId "3000273"]
[BlackFideId "1301446"]
[EventDate "2014.08.02"]

1. d4 Nf6 2. c4 e6 3. Nf3 Bb4+ 4. Bd2 Qe7 5. g3 Bxd2+ 6. Nbxd2 d6 7. Bg2 O-O 8.
Nf1 e5 9. Ne3 c6 10. O-O Re8 11. Rc1 a5 12. Qc2 Na6 13. a3 Ng4 14. Nxg4 Bxg4 15.
e3 Qf6 16. dxe5 dxe5 17. Nd2 Rad8 18. Nb3 a4 19. Na5 Nc5 20. b4 axb3 21. Nxb3
Ne6 22. Na5 Rd7 23. Rb1 Ng5 24. f4 Nh3+ 25. Bxh3 Bxh3 26. Rfd1 exf4 27. Rxd7
Bxd7 28. Rxb7 fxe3 29. Qe2 Bc8 30. Rc7 Bh3 31. Nb3 Qf5 32. Nc1 Bg4 33. Qf1 e2
34. Qe1 Qc5+ 35. Kg2 Qxc4 36. h4 h5 37. Rb7 Qxc1 0-1

[Event "41st Olympiad Women 2014"]
[Site "Tromso NOR"]
[Date "2014.08.10"]
[Round "8.24"]
[Board "3"]
[White "Heinatz, Gundula"]
[Black "Larrea, Daniela"]
[Result "1-0"]
[WhiteTitle "WIM"]
[WhiteElo "2169"]
[BlackElo "1709"]
[WhiteTeam "Switzerland"]
[BlackTeam "Uruguay"]
[WhiteFideId "4612434"]
[BlackFideId "3003000"]
[EventDate "2014.08.02"]

1. d4 f5 2. e4 fxe4 3. Nc3 Nf6 4. Bg5 Nc6 5. d5 Ne5 6. Qd4 Nf7 7. Bxf6 exf6 8.
Nxe4 Be7 9. Ng3 O-O 10. Nf3 Re8 11. O-O-O c5 12. Qd2 d6 13. h4 Ne5 14. Nxe5 fxe5
15. Kb1 Rf8 16. Bd3 Rf4 17. c3 c4 18. Bc2 b5 19. Rdf1 Rb8 20. Ne2 Rf7 21. f4 Qf8
22. Ng3 Rxf4 23. Rxf4 Qxf4 24. Qxf4 exf4 25. Nh5 Bd7 26. Nxf4 Bf6 27. a3 Be5 28.
Ne6 Re8 29. Bf5 Re7 30. h5 Bxe6 31. Bxe6+ Kf8 32. Rf1+ Bf6 33. g4 h6 34. Kc2 a5
35. g5 hxg5 36. h6 Ke8 37. h7 g6 38. Rxf6 Rxh7 39. Rxg6 Rh2+ 40. Kb1 Rg2 41. Rg7
b4 42. axb4 axb4 43. cxb4 c3 44. bxc3 1-0

[Event "41st Olympiad Women 2014"]
[Site "Tromso NOR"]
[Date "2014.08.10"]
[Round "8.24"]
[Board "4"]
[White "de San Vicente, Sabrina"]
[Black "Stoeri, Laura"]
[Result "0-1"]
[BlackTitle "WFM"]
[WhiteElo "1687"]
[BlackElo "2123"]
[WhiteTeam "Uruguay"]
[BlackTeam "Switzerland"]
[WhiteFideId "3003973"]
[BlackFideId "1304313"]
[EventDate "2014.08.02"]

1. d4 Nf6 2. c4 e6 3. Nc3 Bb4 4. Qc2 O-O 5. a3 Bxc3+ 6. Qxc3 Ne4 7. Qc2 f5 8.
Nf3 b6 9. e3 Bb7 10. b3 d6 11. Bb2 Nd7 12. O-O-O Rc8 13. Kb1 Qe7 14. Ka2 b5 15.
Bd3 bxc4 16. Bxc4 Nb6 17. Rhf1 d5 18. Bd3 c5 19. Qe2 c4 20. bxc4 dxc4 21. Bxe4
fxe4 22. Ne5 c3 23. Bc1 c2 24. Rd2 Na4 25. Rxc2 Nc3+ 26. Rxc3 Rxc3 27. Qb5 Bd5+
28. Ka1 Rfc8 29. Bb2 Rxa3+ 0-1

[Event "41st Olympiad Women 2014"]
[Site "Tromso NOR"]
[Date "2014.08.10"]
[Round "8.25"]
[Board "1"]
[White "Yuan, Yuanling"]
[Black "Sanchez Castillo, Sarai Carolina"]
[Result "0-1"]
[WhiteTitle "WIM"]
[BlackTitle "IM"]
[WhiteElo "2241"]
[BlackElo "2207"]
[WhiteTeam "Canada"]
[BlackTeam "Venezuela"]
[WhiteFideId "8604541"]
[BlackFideId "3900754"]
[EventDate "2014.08.02"]

1. e4 e6 2. d4 d5 3. Nc3 Nf6 4. e5 Nfd7 5. f4 c5 6. Nf3 Nc6 7. Be3 a6 8. Qd2 b5
9. a3 Bb7 10. Ne2 Na5 11. b3 Nc6 12. g3 c4 13. Bh3 g6 14. O-O Nb6 15. g4 h5 16.
gxh5 Rxh5 17. Bg4 Rh8 18. Ng5 Qd7 19. a4 b4 20. bxc4 Nxc4 21. Qd3 Ne7 22. Bf2
Nf5 23. Nc1 Bc6 24. c3 Bxa4 25. cxb4 Bxb4 26. Na2 Bd2 27. Nc3 Bc6 28. Bxf5 gxf5
29. Qg3 a5 30. Nh7 Qe7 31. Nf6+ Kd8 32. Rfb1 Kc7 33. Nb5+ Bxb5 34. Rxb5 Rh6 35.
Kh1 Rxf6 36. exf6 Qxf6 37. Rc5+ Kd7 38. Qb3 Bb4 39. Qa4+ Ke7 40. Rc7+ Kf8 41.
Qc6 Rd8 42. Rg1 Nd6 43. Qc2 Qh6 44. Be3 Qh3 45. Rg3 Qf1+ 46. Bg1 Nc4 47. Qb3
Qxf4 48. Rb7 Nd6 49. Ra7 Ne4 50. Rg2 Qh4 51. Rc7 f4 52. Rgc2 Ng3+ 53. Kg2 Nf5
54. Qf3 Qg5+ 55. Kh1 Nh4 56. Qd3 f3 57. Be3 Qh5 58. Bf4 Qg6 59. Qe3 Qe4 60. Qxe4
dxe4 61. Bg5 Rxd4 62. Kg1 Rd1+ 63. Kf2 Nf5 64. Rc1 Rxc1 65. Rxc1 Kg7 66. Rc4 Nd6
67. Rc6 f6 68. Be3 e5 69. Bc5 Nf5 70. Bxb4 axb4 71. Rb6 Nd4 72. Rb7+ Kg6 73.
Rxb4 e3+ 74. Kg3 e2 75. Rb1 e4 76. Kf2 Nc2 77. Rg1+ Kf5 0-1

[Event "41st Olympiad Women 2014"]
[Site "Tromso NOR"]
[Date "2014.08.10"]
[Round "8.25"]
[Board "2"]
[White "Gutierrez Salazar, Leonela"]
[Black "Khoudgarian, Natalia"]
[Result "0-1"]
[WhiteTitle "WFM"]
[BlackTitle "WIM"]
[WhiteElo "2096"]
[BlackElo "2136"]
[WhiteTeam "Venezuela"]
[BlackTeam "Canada"]
[WhiteFideId "3900401"]
[BlackFideId "2602121"]
[EventDate "2014.08.02"]

1. e4 e6 2. d4 d5 3. Nc3 Bb4 4. e5 Qd7 5. Nf3 b6 6. Bd3 Ba6 7. O-O c5 8. a3 Bxc3
9. bxc3 c4 10. Be2 Bb5 11. Ng5 Ne7 12. a4 Bxa4 13. Ba3 b5 14. f4 h6 15. Nh3 Nf5
16. Qd2 h5 17. Nf2 Nc6 18. Bc5 a5 19. g4 hxg4 20. Bxg4 Nce7 21. Bxe7 Kxe7 22.
Bxf5 exf5 23. Nd1 Rh3 24. Qg2 Rah8 25. Nf2 Rxh2 26. Qg5+ Kf8 27. Rxa4 bxa4 28.
Rb1 Qe8 29. Qxf5 R2h5 30. Qg4 Rh4 31. Qf3 a3 32. Qxd5 a2 33. Ra1 Qb8 34. Qxc4
Qb1+ 35. Qf1 Qxc2 36. Qg2 Qb1+ 37. Qf1 Qb2 38. Qc1 Qb7 39. Qa3+ Kg8 40. Rxa2
Qb1+ 41. Kg2 Rh2+ 42. Kf3 R8h3+ 43. Nxh3 Qd3+ 0-1

[Event "41st Olympiad Women 2014"]
[Site "Tromso NOR"]
[Date "2014.08.10"]
[Round "8.25"]
[Board "3"]
[White "Botez, Alexandra"]
[Black "Montilla, Jorcerys"]
[Result "0-1"]
[WhiteTitle "WFM"]
[BlackTitle "WIM"]
[WhiteElo "2089"]
[BlackElo "2118"]
[WhiteTeam "Canada"]
[BlackTeam "Venezuela"]
[WhiteFideId "2603365"]
[BlackFideId "3900517"]
[EventDate "2014.08.02"]

1. d4 d5 2. Nf3 Nf6 3. c4 c6 4. Nc3 e6 5. e3 Nbd7 6. Qc2 Bd6 7. Be2 O-O 8. O-O
dxc4 9. Bxc4 e5 10. h3 Qe7 11. Bb3 b6 12. dxe5 Nxe5 13. Nd4 Qe8 14. Rd1 Bc7 15.
e4 Ng6 16. Bg5 Qe5 17. Nf3 Qc5 18. Be3 Qh5 19. Kf1 Bxh3 20. Ng1 Bc8 21. f3 Qh1
22. Bc4 Nh5 23. g4 Ng3+ 24. Ke1 Ne5 25. Be2 Qg2 26. Bf2 Be6 27. Nd5 Nxe2 28.
Kxe2 Bxd5 29. exd5 Rfe8 30. Rf1 Nxf3+ 31. Kd3 Nxg1 32. Bxg1 Qxd5+ 33. Kc3 Be5+
34. Kb4 Qb5+ 0-1

[Event "41st Olympiad Women 2014"]
[Site "Tromso NOR"]
[Date "2014.08.10"]
[Round "8.25"]
[Board "4"]
[White "Varela La Madrid, Tilsia Carolin"]
[Black "Starr, Nava"]
[Result "0-1"]
[WhiteTitle "WIM"]
[BlackTitle "WIM"]
[WhiteElo "2008"]
[BlackElo "2145"]
[WhiteTeam "Venezuela"]
[BlackTeam "Canada"]
[WhiteFideId "3903001"]
[BlackFideId "2600838"]
[EventDate "2014.08.02"]

1. e4 g6 2. d4 Bg7 3. Nc3 c6 4. f4 d5 5. e5 f6 6. Nf3 Nh6 7. Bd3 Bg4 8. h3 Bxf3
9. Qxf3 O-O 10. Qe2 fxe5 11. fxe5 e6 12. Be3 Nf7 13. O-O-O c5 14. Qg4 cxd4 15.
Bxd4 Qe7 16. h4 Nc6 17. Rde1 Qb4 18. Ne2 Ncxe5 19. Qh3 Nxd3+ 20. Qxd3 e5 21. Bc3
Qc5 22. h5 g5 23. Bd2 h6 24. Ng3 e4 25. Qb3 Rfc8 26. Nf5 Bf8 27. Bc3 Qc4 28.
Qxb7 Rab8 29. Qxa7 Rxb2 30. Re3 Rxa2 31. Qb6 Rc6 32. Qb8 Rc8 33. Qb6 Ra6 34. Qb1
Bc5 35. Rg3 Rb6 36. Qa1 Bb4 37. Qa7 Qc7 38. Nxh6+ Rxh6 39. Qxc7 Rxc7 40. Bxb4
Rhc6 41. c3 Kh7 42. Rd1 Rd7 43. Re3 Ne5 44. Kc2 Rf6 45. Re2 Kh6 46. Bc5 Kxh5 47.
Bd4 Re6 48. Bxe5 Rxe5 49. Rd4 Ra7 50. c4 dxc4 51. Rxc4 Ra2+ 52. Kd1 Rxe2 53.
Kxe2 Kg4 54. Ke3 Kf5 55. Rb4 Ra5 56. g4+ Kxg4 57. Rxe4+ Kg3 58. Ke2 Rf5 59. Re8
g4 60. Rh8 Kg2 61. Rg8 Re5+ 62. Kd2 g3 63. Rg7 Kf2 64. Rf7+ Kg1 65. Rg7 g2 66.
Rg8 Rh5 67. Ke2 Kh2 68. Kf2 Rf5+ 69. Ke2 g1=Q 70. Rh8+ Kg2 71. Rg8+ Kh1 72.
Rxg1+ Kxg1 0-1

[Event "41st Olympiad Women 2014"]
[Site "Tromso NOR"]
[Date "2014.08.10"]
[Round "8.26"]
[Board "1"]
[White "Richmond, Jane"]
[Black "Baciu, Diana"]
[Result "1-0"]
[WhiteTitle "WFM"]
[BlackTitle "WIM"]
[WhiteElo "2085"]
[BlackElo "2294"]
[WhiteTeam "Wales"]
[BlackTeam "Moldova"]
[WhiteFideId "1800183"]
[BlackFideId "13903284"]
[EventDate "2014.08.02"]

1. e4 e6 2. d4 d5 3. Nc3 Bb4 4. e5 c5 5. Bd2 Ne7 6. Nf3 cxd4 7. Nb5 Bc5 8. b4 a6
9. bxc5 axb5 10. Nxd4 Qc7 11. f4 Qxc5 12. Nb3 Qb6 13. Bd3 b4 14. Qf3 Nd7 15. Be3
Qc7 16. Nd4 Qc3+ 17. Ke2 O-O 18. Qh3 g6 19. g4 b6 20. Qh4 Re8 21. Nb5 Qc6 22.
Nd6 Ba6 23. Bxa6 Qxc2+ 24. Kf3 Rxa6 25. Rhc1 Qd3 26. Rd1 Qc3 27. Rdc1 Qd3 28.
Nxe8 Ra3 29. Re1 Qe4+ 30. Kf2 d4 31. Qh6 dxe3+ 32. Kg1 1-0

[Event "41st Olympiad Women 2014"]
[Site "Tromso NOR"]
[Date "2014.08.10"]
[Round "8.26"]
[Board "2"]
[White "Petrenko, Svetlana"]
[Black "Smith, Olivia"]
[Result "0-1"]
[WhiteTitle "IM"]
[BlackTitle "WFM"]
[WhiteElo "2205"]
[BlackElo "1968"]
[WhiteTeam "Moldova"]
[BlackTeam "Wales"]
[WhiteFideId "13900196"]
[BlackFideId "411850"]
[EventDate "2014.08.02"]

1. e4 e5 2. Nf3 Nf6 3. Nc3 Nc6 4. Bc4 Nxe4 5. Nxe4 d5 6. Bd3 dxe4 7. Bxe4 Bd6 8.
c3 O-O 9. O-O f5 10. Bd5+ Kh8 11. d3 Qf6 12. Ng5 Qg6 13. Qa4 h6 14. Bxc6 bxc6
15. Nf3 e4 16. dxe4 fxe4 17. Nh4 Qh5 18. g3 Bh3 19. Re1 Qf7 20. Be3 Rae8 21. Qb3
Qh5 22. Qd1 Bg4 23. Qd4 c5 24. Qc4 g5 25. Ng2 Rf5 26. b4 Bf3 27. bxc5 Be5 28.
Rac1 Ref8 29. Rc2 Kh7 30. Qf1 c6 31. Rec1 Qf7 32. Ne1 Bg4 33. Rd2 h5 34. Qa6 Qg6
35. Qc4 R5f7 36. Qf1 h4 37. h3 Be6 38. Qg2 hxg3 39. fxg3 g4 40. h4 Rf3 41. h5
Qg8 42. Bf4 Bxf4 43. gxf4 R3xf4 44. Nc2 Qf7 45. Nd4 Bd5 46. Ne2 Rf2 47. Qg3 Rf1+
48. Kh2 Qxh5+ 0-1

[Event "41st Olympiad Women 2014"]
[Site "Tromso NOR"]
[Date "2014.08.10"]
[Round "8.26"]
[Board "3"]
[White "Blackburn, Suzie G."]
[Black "Partac, Elena"]
[Result "0-1"]
[WhiteTitle "WFM"]
[BlackTitle "WGM"]
[WhiteElo "1971"]
[BlackElo "2127"]
[WhiteTeam "Wales"]
[BlackTeam "Moldova"]
[WhiteFideId "414930"]
[BlackFideId "13901001"]
[EventDate "2014.08.02"]

1. c4 e5 2. Nc3 Nc6 3. g3 g6 4. Bg2 Bg7 5. d3 d6 6. Rb1 Nge7 7. Nf3 O-O 8. O-O
f5 9. Qd2 f4 10. b4 Nf5 11. b5 Ncd4 12. Nxd4 Nxd4 13. Bb2 f3 14. Bxf3 Rxf3 15.
e3 Ne6 16. Nd5 Ng5 17. h4 Nf7 18. Kg2 Bg4 19. d4 Qd7 20. Rh1 Rf8 21. e4 exd4 22.
Bxd4 Bxd4 23. Qxd4 Ne5 24. Nf4 R8xf4 25. gxf4 Bh3+ 26. Kh2 Qg4 27. Rhg1 Qxh4 28.
Rg3 Rxg3 29. Qd5+ Be6# 0-1

[Event "41st Olympiad Women 2014"]
[Site "Tromso NOR"]
[Date "2014.08.10"]
[Round "8.26"]
[Board "4"]
[White "Hincu, Olga"]
[Black "Roberts, Lynda"]
[Result "1-0"]
[BlackTitle "WCM"]
[WhiteElo "2027"]
[BlackElo "1920"]
[WhiteTeam "Moldova"]
[BlackTeam "Wales"]
[WhiteFideId "13904108"]
[BlackFideId "1800191"]
[EventDate "2014.08.02"]

1. c4 f5 2. g3 Nf6 3. Bg2 g6 4. Nc3 Bg7 5. d3 d6 6. e4 e5 7. Nge2 Nc6 8. O-O O-O
9. Nd5 fxe4 10. dxe4 Nxd5 11. cxd5 Nd4 12. Nxd4 exd4 13. b4 c5 14. dxc6 bxc6 15.
Qb3+ Kh8 16. Bb2 Rb8 17. Rfd1 c5 18. a3 Qe7 19. f4 Be6 20. Qf3 Qd7 21. Rd2 a5
22. bxc5 dxc5 23. Rc1 Rb3 24. Qf2 Rc8 25. e5 Bf8 26. Be4 d3 27. g4 c4 28. Bd4
Bxa3 29. f5 Bxc1 30. fxe6 Qxe6 31. Bd5 Qxd5 32. e6+ Qxd4 33. Qxd4+ Kg8 34. Rf2
Ba3 35. Qd7 Rf8 1-0

[Event "41st Olympiad Women 2014"]
[Site "Tromso NOR"]
[Date "2014.08.10"]
[Round "8.27"]
[Board "2"]
[White "Guindy, Esmat"]
[Black "Cordero, Daniela"]
[Result "1/2-1/2"]
[WhiteTitle "WFM"]
[BlackTitle "WIM"]
[WhiteElo "2074"]
[BlackElo "2010"]
[WhiteTeam "Denmark"]
[BlackTeam "Bolivia"]
[WhiteFideId "1401637"]
[BlackFideId "3301630"]
[EventDate "2014.08.02"]

1. d4 e6 2. c4 d5 3. Nc3 c6 4. Nf3 Bd6 5. cxd5 exd5 6. Bg5 Qb6 7. Qc2 Be6 8. e3
Nd7 9. Bd3 Ngf6 10. O-O O-O 11. Bh4 h6 12. Rac1 Rfe8 13. Nd2 g5 14. Bg3 Bxg3 15.
hxg3 Nf8 16. Nf3 Kg7 17. a3 Qd8 18. b4 a6 19. Na4 Qe7 20. Nc5 Ng6 21. a4 Rh8 22.
b5 axb5 23. axb5 cxb5 24. Rb1 b6 25. Nxe6+ Qxe6 26. Rxb5 Rhc8 27. Qb1 Rcb8 28.
Rc1 Ne7 29. Ne5 Ne8 30. Qb3 f6 31. Nf3 Qd6 32. Rb1 Ra3 33. Qd1 Nc7 34. R5b2 Ra5
35. Qd2 Ra7 36. Bc2 b5 37. Qd3 Rh8 38. Nd2 f5 39. Nf3 Qe6 40. Ne5 h5 41. Bd1 g4
42. Kf1 h4 1/2-1/2